=LDR 00000nam 2200000 4500 =001 INLIS000000000014649 =005 20130612105928 =008 ***********************************Ind** =035 ##$$0010-061300000014649 =041 ##$$a Ind =082 ##$$a 635.95 =090 ##$$a 635.97, Har a =100 ##$$a Haryani =245 ##$$a Anggrek phalaonopsis, haryani, Bambang sayak =260 ##$$a 1991 $b Jakarta =300 ##$$a x, 189 hlm, Ilus, 12 cm =700 ##$$aaAnggrek =850 ##$$a Sayaka, bambang